Using marketing consultants and research agencies (Record no. 375880)

000 -LEADER
fixed length control field 00451cam a22001337a 4500
008 - FIXED-LENGTH DATA ELEMENTS--GENERAL INFORMATION
fixed length control field 180718b1966 xxu||||| |||| 00| 0 eng d
082 ## - DEWEY DECIMAL CLASSIFICATION NUMBER
Classification number T34x73 N213
245 ## - TITLE STATEMENT
Title Using marketing consultants and research agencies
Statement of responsibility, etc. by National Industrial Conference Board
260 ## - PUBLICATION, DISTRIBUTION, ETC.
Place of publication, distribution, etc. New York
Name of publisher, distributor, etc. National Industrial Conference Board
Date of publication, distribution, etc. 1966
300 ## - PHYSICAL DESCRIPTION
Extent 62p.
500 ## - GENERAL NOTE
General note Studies in Business Policy No.120
650 ## - SUBJECT ADDED ENTRY--TOPICAL TERM
Topical term or geographic name entry element Marketing Research
650 ## - SUBJECT ADDED ENTRY--TOPICAL TERM
Topical term or geographic name entry element Marketing - USA
Holdings
Withdrawn status Lost status Damaged status Not for loan Permanent Location Current Location Date acquired Full call number Barcode Date last seen Price effective from Koha item type
        Indian Institute of Public Administration Indian Institute of Public Administration 1994-08-16 T34x73 N213 40525 2018-07-21 2018-07-21 Book

Powered by Koha